Lana Del Rey Lyrics with No Hints (3) - Statistics

General Stats
  • This quiz has been taken 4,784 times
  • The average score is 188 of 329
Answer Stats
Lyrics % Correct
*chorus*
99%
I
97%
a
94%
you
94%
the
89%
me
87%
love
83%
He
82%
to
80%
we
80%
your
79%
be
78%
is
75%
Do
74%
do
74%
so
74%
So
74%
and
73%
And
73%
go
73%
I'm
73%
of
72%
on
72%
on?"
72%
in
71%
it
70%
my
68%
baby
67%
what
67%
you're
66%
know
65%
who
64%
anthem
63%
"Can
63%
can
63%
national
63%
for
62%
hand
60%
blue
59%
don't
59%
"Don't
59%
Money
59%
Tell
58%
tell
58%
hands
57%
like
57%
success
57%
am
56%
but
56%
it's
55%
It's
55%
(kiss
55%
kiss)
55%
Red
55%
say
55%
take
55%
Take
55%
God
54%
out
54%
said
54%
handsome
52%
how
52%
party
52%
white
52%
dress
51%
put
51%
address?
50%
before
50%
cool
50%
sky
50%
what's
50%
"Yes"
48%
boy
47%
Boy
47%
eyes
47%
reason
47%
fact
46%
up
46%
will
46%
with?
46%
down
45%
Everybody
45%
exist
45%
hold
45%
knows
45%
off
44%
sing
44%
air
43%
back
43%
body
43%
can't
43%
get
43%
keep
42%
Keep
42%
mascara
42%
real
42%
heaven's
41%
his
41%
loves
41%
over
41%
says
41%
think
41%
new
40%
now)
40%
now?
40%
see
40%
standin'
40%
story
40%
already
39%
coolest
39%
hair
39%
later
39%
neck
39%
or
39%
Summer's
39%
age
38%
Hamptons
38%
have
38%
buy
37%
dealing
37%
diamonds?"
36%
need
36%
romance
36%
well
36%
we're
36%
wind
36%
while
35%
yet
35%
pants
34%
very
33%
Give
32%
lots
32%
Dark
31%
downtown)
31%
page
31%
Bugatti
30%
our
30%
python
30%
abandon
29%
done
29%
somebody
29%
drivin'
28%
'em
28%
safe
28%
you'll
28%
you've
28%
drinkin'
27%
fake
27%
Queen
27%
dyin'
26%
lonely
26%
making
26%
ovation
26%
rampage
26%
ransom
26%
sick
26%
sixth
26%
wow
26%
between
25%
buyin'
25%
standing
25%
upper
25%
dinin'
24%
drugs
24%
holding
24%
land
24%
lines
24%
overdose
24%
(Sugar
24%
sugar
24%
Blurring
23%
Veyron
23%
Winin'
23%
excessive
22%
quick
22%
babe
21%
King
21%
bow
20%
dreams
20%
echelon
20%
rage
20%
Saigon
20%
Sweetness
20%
hotel
18%
landed
18%
Chevron
17%
danger
17%
tower
17%
bell
16%
(booyah
14%
wreckless
6%
No matching quizzes found
Score Distribution
Percent of People with Each Score
Percentile by Number Answered
Your Score History
You have not taken this quiz